Zahraničný obchod SR - tovarová štruktúra a jej vývoj, vývoj obchodu v roku 1998, ...

Tovarová štruktúra zahraničného obchodu SR. Vývoj v štruktúre vývozu a dovozu. Vývoj zahraničného obchodu v r. 1998. Devalvačné vplyvy. Ruská kríza a jej vplyv na zahraničný obchod so SR. Štatistické údaje.

Saved in:
Bibliographic Details
Main Author: Burda, Štefan
Format: Book Chapter
Language:Slovak
Subjects:
Tags: Add Tag
No Tags, Be the first to tag this record!

MARC

LEADER 00000naa a2200000 4500
001 r034202
005 20230825101830.8
041 0 |a slo 
044 |a SK 
245 1 0 |a Zahraničný obchod SR - tovarová štruktúra a jej vývoj, vývoj obchodu v roku 1998, ...  |c Štefan Burda 
520 |a Tovarová štruktúra zahraničného obchodu SR. Vývoj v štruktúre vývozu a dovozu. Vývoj zahraničného obchodu v r. 1998. Devalvačné vplyvy. Ruská kríza a jej vplyv na zahraničný obchod so SR. Štatistické údaje. 
610 2 0 |a obchod zahraničný 
610 2 0 |a Slovensko 
610 2 0 |a 1998 
610 2 0 |a štruktúra dovozu 
610 2 0 |a štruktúra vývozu 
610 2 0 |a ukazovatele štatistické 
610 2 0 |a vývoz 
610 2 0 |a dovoz 
610 2 0 |a kríza menová 
610 2 0 |a Rusko 
100 1 |a Burda, Štefan